000 00780nam a22002177a 4500
005 20180728132550.0
010 _aB-447235-241
020 _a8178241641
_c495.00
020 _a9788178241647
_c495.00
035 _aB-447235-241, B-227202
037 _adpl
_bK.K.Pub/Ven
082 _a320.530942
100 _aGandhi, Leela
245 _aAffective Communities :
_cby Leela Gandhi
_bAnticolonial thought and the politics of friendship /
260 _aDelhi
_bPermanent Black
_c2006
270 _aD-28 Oxford Apartmeents,11,I.P.Extension
_bDelhi
_e110092
300 _a254p.
_c22cm(Hb)
500 _aIncludes index
942 _2ddc
_cEN
_mGAN
_h320.530942
999 _c64305
_d64305